LEADER 01630nam 2200445 450 001 9910708128103321 005 20130205145459.0 035 $a(CKB)4970000000031013 035 $a(OCoLC)826786333 035 $a(EXLCZ)994970000000031013 100 $a20130205d2012 ua 0 101 0 $aeng 135 $aurmn||||||||| 181 $2rdacontent 182 $2rdamedia 183 $2rdacarrier 200 10$aFirms reported to have sold Iran refined petroleum products or engaged in commercial activities in Iran's energy sector /$fThomas Melito 210 1$aWashington, DC :$cUnited States Government Accountability Office,$d2012. 215 $a1 online resource (23 pages) 300 $aTitle from title screen (viewed Feb. 4, 2013). 300 $a"December 7, 2012." 300 $a"GAO-13-173R." 320 $aIncludes bibliographical references. 517 1 $aIran energy sector 606 $aEconomic sanctions, American$zIran 606 $aPetroleum industry and trade 606 $aInternational business enterprises$zIran 606 $aInvestments, Foreign$zIran 615 0$aEconomic sanctions, American 615 0$aPetroleum industry and trade. 615 0$aInternational business enterprises 615 0$aInvestments, Foreign 700 $aMelito$b Thomas$01381107 712 02$aUnited States.$bGovernment Accountability Office, 801 0$bGPO 801 1$bGPO 906 $aDOCUMENT 912 $a9910708128103321 996 $aFirms reported to have sold Iran refined petroleum products or engaged in commercial activities in Iran's energy sector$93446677 997 $aUNINA LEADER 01357nam 2200421 450 001 996483159003316 005 20231110221903.0 010 $a9783031079337$b(electronic bk.) 010 $z9783031079320 035 $a(MiAaPQ)EBC7051094 035 $a(Au-PeEL)EBL7051094 035 $a(CKB)24286267600041 035 $a(PPN)263898636 035 $a(EXLCZ)9924286267600041 100 $a20230115d2022 uy 0 101 0 $aeng 135 $aurcnu|||||||| 181 $ctxt$2rdacontent 182 $cc$2rdamedia 183 $acr$2rdacarrier 200 10$aCyber and the city $esecuring London's banks in the computer age. /$fAshley Sweetman 210 1$aCham, Switzerland :$cSpringer,$d[2022] 210 4$dİ2022 215 $a1 online resource (231 pages) 225 1 $aHistory of Computing 311 08$aPrint version: Sweetman, Ashley Cyber and the City Cham : Springer International Publishing AG,c2022 9783031079320 320 $aIncludes bibliographical references. 410 0$aHistory of Computing 606 $aBanks and banking$xSecurity measures 615 0$aBanks and banking$xSecurity measures. 676 $a160.5 700 $aSweetman$b Ashley$01252176 801 0$bMiAaPQ 801 1$bMiAaPQ 801 2$bMiAaPQ 912 $a996483159003316 996 $aCyber and the City$92902824 997 $aUNISA